BIBLIOTECA PODER JUDICIAL
Portal Judicial TDF

La ambientalización del urbanismo y el desarrollo urbano en los pronunciamientos judiciales. Breve panorama local y actual - Por Juan Martín Colombo (Registro nro. 6316)

000 -LEADER
fixed length control field 01316nabaa22002177a 4500
003 - CONTROL NUMBER IDENTIFIER
control field OSt
005 - DATE AND TIME OF LATEST TRANSACTION
control field 20260130193955.0
008 - FIXED-LENGTH DATA ELEMENTS--GENERAL INFORMATION
fixed length control field 190701b xxu||||| |||| 00| 0 spa d
040 ## - CATALOGING SOURCE
Transcribing agency PJ
100 ## - MAIN ENTRY--PERSONAL NAME
9 (RLIN) 5690
Personal name Colombo, Juan Martín
245 13 - TITLE STATEMENT
Title La ambientalización del urbanismo y el desarrollo urbano en los pronunciamientos judiciales. Breve panorama local y actual - Por Juan Martín Colombo
Statement of responsibility, etc breve panorama local y actual /
Remainder of title Juan Martín Colombo.
300 ## - PHYSICAL DESCRIPTION
Extent p. 3-11
500 ## - GENERAL NOTE
General note Cita: TR LALEY AR/DOC/2593/2025
505 ## - FORMATTED CONTENTS NOTE
Formatted contents note Sumario: I. La ambientalización del desarrollo urbano.— II. Marco normativo de la ambientalización del desarrollo urbano. El rol del derecho y la jurisprudencia.— III. La evolución jurisprudencial: reconocimiento e incorporación de exigencias ambientales para el desarrollo urbano.— IV. Los precedentes judiciales locales y la ambientalización progresiva del desarrollo urbano local.— V. Corolario.
505 ## - FORMATTED CONTENTS NOTE
Title ¿Te interesa el texto completo? Comunicate al correo: koha@justierradelfuego.gov.ar
650 #0 - SUBJECT ADDED ENTRY--TOPICAL TERM
9 (RLIN) 211
Topical term or geographic name as entry element DERECHO ADMINISTRATIVO
650 #0 - SUBJECT ADDED ENTRY--TOPICAL TERM
9 (RLIN) 2848
Topical term or geographic name as entry element DERECHO AMBIENTAL
650 #0 - SUBJECT ADDED ENTRY--TOPICAL TERM
Topical term or geographic name as entry element URBANISMO
773 0# - HOST ITEM ENTRY
Host Biblionumber 2842
Host Itemnumber 3251
Place, publisher, and date of publication Buenos Aires : AbeledoPerrot, 2012-
Other item identifier DA121
Title Derecho administrativo. Nº 162 noviembre/diciembre 2025
International Standard Book Number 18510590
942 ## - ADDED ENTRY ELEMENTS (KOHA)
Source of classification or shelving scheme
Koha item type Analítica Artículo de Revista

No hay ítems disponibles.

12 de Octubre 789 Ushuaia - Tel:  54(02901)441571
Horario de Atención: 8.00 a 17.00 hs. 
bibliotecaush@justierradelfuego.gov.ar
koha@justierradelfuego.gov.ar
Seguinos en nuestras redes @bibliojustdf 

Con tecnología Koha